Central Library OPAC University of Rajshahi

Cooper's outlines of industrial law / (Record no. 2505)

MARC details
000 -LEADER
fixed length control field 00876cam a2200289 4500
001 - CONTROL NUMBER
control field 2505
003 - CONTROL NUMBER IDENTIFIER
rucl marc code BD-RjUL
005 - DATE AND TIME OF LATEST TRANSACTION
control field 20211208233552.0
008 - FIXED-LENGTH DATA ELEMENTS--GENERAL INFORMATION
fixed length control field 131211s1972 enk 001 0 eng
020 ## - INTERNATIONAL STANDARD BOOK NUMBER
International Standard Book Number 0406566518
-- 0406566526 (pbk.)
035 ## - SYSTEM CONTROL NUMBER
System control number (BD-RjUL)2532
040 ## - CATALOGING SOURCE
Original cataloging agency DLC
Transcribing agency DLC
Modifying agency DLC
-- BD-RjUL
Language of cataloging eng
041 ## - LANGUAGE CODE
Language code of text/sound track or separate title eng
082 00 - DEWEY DECIMAL CLASSIFICATION NUMBER
Classification number 344.4201
Edition number 20
Author mark and year WOC1972
100 1# - MAIN ENTRY--PERSONAL NAME
Personal name Cooper, W. Mansfield
Fuller form of name (William Mansfield)
9 (RLIN) 8103
245 10 - TITLE STATEMENT
Title Cooper's outlines of industrial law /
Statement of responsibility, etc. John C Wood.
250 ## - EDITION STATEMENT
Edition statement 6th ed.,
260 ## - PUBLICATION, DISTRIBUTION, ETC. (IMPRINT)
Place of publication, distribution, etc. London :
Name of publisher, distributor, etc. Butterworths,
Date of publication, distribution, etc. 1972.
300 ## - PHYSICAL DESCRIPTION
Pagination lxxx, 512 p. ;
Size 23 cm.
650 #0 - SUBJECT ADDED ENTRY--TOPICAL TERM
Topical term or geographic name as entry element Labor laws and legislation
Geographic subdivision Great Britain.
9 (RLIN) 8058
Topical term or geographic name as entry element Labor contract
Geographic subdivision Great Britain.
9 (RLIN) 8104
700 1# - ADDED ENTRY--PERSONAL NAME
Personal name Wood, John C.
942 ## - ADDED ENTRY ELEMENTS (KOHA)
Source of classification or shelving scheme Dewey Decimal Classification
Koha item type Books
Holdings
Lost status Source of classification or shelving scheme Damaged status Not for loan Collection code Permanent Location Current Location Shelving location Date acquired Source of acquisition Cost, normal purchase price Total Checkouts Full call number Date last seen Copy number Koha item type
  Dewey Decimal Classification     Non-fiction Central Library, University of Rajshahi Central Library, University of Rajshahi   20/03/1974 Britain 0.00   344.4201 WOC 1972 11/12/2013 C-5 Books
  Dewey Decimal Classification     Non-fiction Central Library, University of Rajshahi Central Library, University of Rajshahi   20/03/1974 Britain 0.00   344.4201 WOC 1972 11/12/2013 C-7 Books
  Dewey Decimal Classification     Non-fiction Central Library, University of Rajshahi Central Library, University of Rajshahi   01/02/1975 JANATHAN 4.60   344.4201 WOC 1972 11/12/2013 C-9 Books
  Dewey Decimal Classification     Non-fiction Central Library, University of Rajshahi Central Library, University of Rajshahi   20/03/1974 Britain Gift     344.4201 WOC 1972 25/06/2016 C-6 Books